000 00686nam a2200289Ia 4500
005 20260324133559.0
008 008 260324s9999 xx 000 0 eng d
020 _a9781315830254
037 _aEBOOK
040 _aCRL
040 _beng
040 _cCRL
041 _2eng
041 _aeng
084 _qCRL
100 _a Bergson, Henri
_91193626
245 0 _aTime and Free Will
245 3 _bAn Essay on the Immediate Data of Consciousness
260 _bTaylor and Francis
260 _c2003
365 _a
365 _b300
856 _uhttp://www.taylorfrancis.com/books/9781315830254
942 _cEBOOK
999 _c1792812
_d1792812